Statistics for Largest Baltic Sea Islands

Click here to take the quiz!

General Stats

  • This quiz has been taken 19 times
  • The average score is 8 of 18

Answer Stats

CountryArea in km²Island% Correct
Sweden3184Gotland
92%
Finland685Fasta Åland
85%
Denmark7031Zealand
77%
Denmark588Bornholm
69%
Germany926Rügen
62%
Estonia2673Saaremaa
62%
Estonia965Hiiumaa
54%
Sweden1347Öland
54%
Denmark3101Funen
46%
Denmark1243Lolland
46%
Germany/Poland445Usedom
46%
Denmark486Falster
31%
Finland524Kimitoön
23%
Denmark284Langeland
23%
Denmark218Møn
23%
Poland265Wolin
23%
Finland201Hailuoto
15%
Denmark321Als
8%

Score Distribution

Percentile by Number Answered

Percent of People with Each Score

Your Score History

You have not taken this quiz